Educating exceptional children / (Record no. 17080)

000 -LEADER
fixed length control field 00853cam a2200253 i 4500
001 - CONTROL NUMBER
control field 1794144
005 - DATE AND TIME OF LATEST TRANSACTION
control field 20161121150417.0
008 - FIXED-LENGTH DATA ELEMENTS--GENERAL INFORMATION
fixed length control field 790413s1979 maua b 001 0 eng
010 ## - LIBRARY OF CONGRESS CONTROL NUMBER
LC control number 78069609
020 ## - INTERNATIONAL STANDARD BOOK NUMBER
International Standard Book Number 0395265266
040 ## - CATALOGING SOURCE
Original cataloging agency DLC
Transcribing agency DLC
Modifying agency DLC
050 00 - LIBRARY OF CONGRESS CALL NUMBER
Classification number LC3965.K56 1979
Item number .K56 1979
100 1# - MAIN ENTRY--PERSONAL NAME
Personal name Kirk, Samuel A.
Fuller form of name (Samuel Alexander),
Dates associated with a name 1904-
245 10 - TITLE STATEMENT
Title Educating exceptional children /
Statement of responsibility, etc. Samuel A. Kirk, James J. Gallagher.
250 ## - EDITION STATEMENT
Edition statement 3d ed.
260 ## - PUBLICATION, DISTRIBUTION, ETC. (IMPRINT)
Place of publication, distribution, etc. Boston :
Name of publisher, distributor, etc. Houghton Mifflin,
Date of publication, distribution, etc. c1979.
300 ## - PHYSICAL DESCRIPTION
Extent xiv, 545 p. :
Other physical details ill. ;
Dimensions 24 cm.
504 ## - BIBLIOGRAPHY, ETC. NOTE
Bibliography, etc Includes bibliographies and indexes.
650 #0 - SUBJECT ADDED ENTRY--TOPICAL TERM
Topical term or geographic name as entry element Special education.
700 1# - ADDED ENTRY--PERSONAL NAME
Personal name Gallagher, James J.
Fuller form of name (James John),
Dates associated with a name 1926-2014,
Relator term joint author.
906 ## - LOCAL DATA ELEMENT F, LDF (RLIN)
a 7
b cbc
c orignew
d 2
e opcn
f 19
g y-gencatlg
942 ## - ADDED ENTRY ELEMENTS (KOHA)
Source of classification or shelving scheme
Koha item type Hard Covered Materials
Classification part LC3965.K56 1979
Holdings
Withdrawn status Lost status Source of classification or shelving scheme Damaged status Not for loan Home library Current library Shelving location Date acquired Source of acquisition Total Checkouts Full call number Barcode Date last seen Price effective from Koha item type
          MACHAKOS UNIVERSITY LIBRARY MACHAKOS UNIVERSITY LIBRARY Technical section 21/11/2016 Donation(B.F.A)   LC3965.K56 1979 28242 11/07/2018 21/11/2016 Hard Covered Materials
© Machakos University Library, Along The Highway, Machakos Wote Rd, Machakos, Kenya P.O. Box 136 - 90100 Machakos - Kenya

Tel: ( +254 ) 723 805829 OR Fax : 044-20353 OR Email: library@mksu.ac.ke